000
00286nam a2200109Ia 4500
008
230907s9999||||xx |||||||||||||| ||und||
082
_a
327.5105491
_b
GHU
245
0
_a
China-Pakistan relations :
260
_a
Oxford University Press,
_b
Karachi :
_c
2017
300
_a
263 p.
942
_c
BK
999
_c
601311
_d
601311